000 00862nam a2200241 i 4500
001 bg
245 0 0 _aAdobe Illustrator wersja 8.0 w 15 lekcjach /
_c[tł. Kamil Cendrowski].
246 _iTyt. oryg.:
_aAdobe Illustrator 8.0 classroom in a book
260 _aWarszawa :
_b"Translator",
_c[1999].
300 _a410, [8] s., [22] s. tabl. :
_bil. ;
_c24 cm +
_eCD ROM.
490 1 _a...W Lekcjach
500 _aTyt. oryg.: "Adobe Illustrator 8.0 classroom in a book". - Tyt. okł. i grzbiet.: Adobe Illustrator 8.0 w 15 lekcjach. - Oficjalne materiały szkoleniowe Adobe Systems Inc.
650 9 _aIllustrator
655 _aPodręczniki
830 _a...W Lekcjach
020 _a8386149515
040 _cBPK
041 1 _apl
_hen
080 _a004.42:004.92](07)
920 _a83-86149-51-5
942 _cKS
008 s pl f |000 0 pol
999 _c38536
_d38536
856 _uhttp://koha.tu.koszalin.pl/cgi-bin/koha/opac-detail.pl?biblionumber=38536
_yKatalog online BPK